000 nam a22 a 4500
999 _c1442
_d1442
005 20170509151555.0
008 170509b2007 M ||||| |||| 00| 0 eng d
040 _aAKMAL
082 _a305.235 STA
090 _a305.235
_bSTA
245 _aA STATISTICAL SNAPSHOT OF THE 18 YEAR OLD MALAYSIAN ADOLESCENT
_cFATIMAH HASHIM,LIHANNA BORHAN
260 _aMALAYSIA
_bINSTITUT SOSIAL MALAYSIA
_c2007
300 _a129ms,;
_c30 cm
942 _2ddc
_cBOOK